|
|
|
|
| LEADER |
00000nam0a2200000 4500 |
| 001 |
259868 |
| 005 |
20231101233427.0 |
| 035 |
|
|
|a (RuTPU)RU\TPU\book\282814
|
| 090 |
|
|
|a 259868
|
| 100 |
|
|
|a 20140513d1975 m y0rusy50 ca
|
| 101 |
0 |
|
|a rus
|
| 102 |
|
|
|a RU
|
| 105 |
|
|
|a a z 000ay
|
| 200 |
1 |
|
|a Судьба человека
|e повесть
|f М. А. Шолохов
|g Кукрыниксы
|
| 210 |
|
|
|a Москва
|c Художественная литература
|d 1975
|
| 215 |
|
|
|a 72 с.
|c ил.
|
| 606 |
1 |
|
|a Русская литература современная
|2 stltpush
|3 (RuTPU)RU\TPU\subj\26373
|9 50316
|
| 610 |
1 |
|
|a художественная литература
|
| 610 |
1 |
|
|a повести
|
| 610 |
1 |
|
|a советская литература
|
| 610 |
1 |
|
|a Великая Отечественная война 1941-1945
|
| 610 |
1 |
|
|a военная проза
|
| 675 |
|
|
|a Р1
|v 3
|
| 700 |
|
1 |
|a Шолохов
|b М. А.
|c русский писатель
|c академик АН СССР
|f 1905-1984
|g Михаил Александрович
|2 stltpush
|3 (RuTPU)RU\TPU\pers\495
|4 070
|9 236
|
| 702 |
|
0 |
|a Кукрыниксы
|c коллективный псевдоним художников (Куприянов М. В., Крылов П. Н., Соколов Н. А.)
|2 stltpush
|3 (RuTPU)RU\TPU\pers\13433
|9 4087
|
| 801 |
|
1 |
|a RU
|b 63413507
|c 20140513
|
| 801 |
|
2 |
|a RU
|b 63413507
|c 20210930
|g RCR
|
| 942 |
|
|
|c BK
|